A Developmental Test of Mertonian Anomie Theory

Saved in:  
Bibliographic Details
Main Author: Menard, Scott W. (Author)
Format: Print Article
Language:English
Published: 1995
In: Journal of research in crime and delinquency
Year: 1995, Volume: 32, Issue: 2, Pages: 136-174
Check availability: HBZ Gateway
Keywords:

MARC

LEADER 00000caa a22000002c 4500
001 1639659331
003 DE-627
005 20220608125708.0
007 tu
008 160223s1995 xx ||||| 00| ||eng c
035 |a (DE-627)1639659331 
035 |a (DE-576)45593620X 
035 |a (DE-599)BSZ45593620X 
040 |a DE-627  |b ger  |c DE-627  |e rakwb 
041 |a eng 
100 1 |a Menard, Scott W.  |0 (DE-588)170056414  |0 (DE-627)060075015  |0 (DE-576)165980214  |4 aut 
109 |a Menard, Scott W.  |a Menard, Scott  |a Menard, Scott William 
245 1 2 |a A Developmental Test of Mertonian Anomie Theory  |c Scott Menard 
264 1 |c 1995 
336 |a Text  |b txt  |2 rdacontent 
337 |a ohne Hilfsmittel zu benutzen  |b n  |2 rdamedia 
338 |a Band  |b nc  |2 rdacarrier 
773 0 8 |i In  |t Journal of research in crime and delinquency  |d Thousand Oaks [u.a.] : Sage, 1964  |g 32(1995), 2, Seite 136-174  |w (DE-627)130438405  |w (DE-600)700175-7  |w (DE-576)015931730  |x 0022-4278  |7 nnas 
773 1 8 |g volume:32  |g year:1995  |g number:2  |g pages:136-174 
776 1 |o 10.1177/0022427895032002002 
935 |a mkri 
951 |a AR 
ELC |b 1 
LOK |0 000 xxxxxcx a22 zn 4500 
LOK |0 001 3300508479 
LOK |0 003 DE-627 
LOK |0 004 1639659331 
LOK |0 005 20250505134423 
LOK |0 008 160208||||||||||||||||ger||||||| 
LOK |0 040   |a DE-21-110  |c DE-627  |d DE-21-110 
LOK |0 689   |a s  |a Anomietheorie 
LOK |0 689   |a s  |a Kriminalitätstheorien 
LOK |0 689   |a s  |a Empirische Kriminologie 
LOK |0 689   |a s  |a Merton 
LOK |0 689   |a s  |a National Youth Survey 
LOK |0 689   |a g  |a USA 
LOK |0 852   |a DE-21-110 
LOK |0 852 1  |m p  |9 00 
LOK |0 935   |a k110 
LOK |0 938   |k p 
LOK |0 939   |a 08-02-16  |b l01 
ORI |a SA-MARC-krimdoka001.raw